000 01021nam a2200265 4500
001 0000015014
003 CO-CtgCURN
005 20250730222824.0
008 160627s1994 000 0 eng d
020 _a9701004426
040 _aCO-CtgCURN
_bspa
_ccoctgcurn
082 0 _a658.42
_bL51p
100 1 _aLlano Cifuentes, Carlos.
245 1 3 _aEl postmodernismo en la empresa /
_cCarlos Llano Cifuentes , prologo por Lorenzo Servitje.
260 _aMexico :
_bMcGraw-Hill,
_c1994.
300 _axvii, 183 p.
336 _2rdacontent
337 _2rdamedia
_asin mediacion
_bn
338 _2rdacarrier
_avolumen
_bnc
505 8 _aEl modernismo y el postmodernismo.--Duplicidad de criterios axiologicos.--Dignidad de la persona y hostilidad de la empresa.--Duplicidad de criterios operativos.--Universidad adversus postmodernismo
650 0 _aAdministración de empresas.
908 _a160627
942 _cBK
_h658.42
_iL51p
_2ddc
999 _c49395
_d49395
_x1